000 00658nam a22002417a 4500
003 UA-OsUOA
001 27023
007 ta
008 20040614b un ||||| |||| 00| 0 ukr d
090 _a316
_bС69
942 _cBK
040 _aUA-OsUOA
_bukr
_cUA-OsUOA
_dUA-OsUOA
245 _aСоцінтерн в епоху глобалізації
_bМатеріали Нью Йорк (1996 р.) та Париз. (1999 р.) конгр.
300 _a236 с.
955 _a0
041 _aukr
080 _a316
020 _a966-7856-03-8
260 _aКиїв
_bОсновні цінності
_c2000
044 _aUA
650 7 _2UDC
999 _c313360
_d313360